Music Quiz

Random Music or Food Quiz

Food in Song Lyrics Quiz Stats

Quiz Updated Sep 3, 2015

Challenge
Share
Tweet
Embed
Score 0/35 Timer 08:00
0 Plays Today
% Correct
chestnuts
87.6%
pizza pie
82.5%
apple
81.6%
banana
77.5%
Vegemite sandwich
76.4%
grits
73.7%
ice cream
73.2%
toast
71.4%
pancakes
71.2%
candy
70.5%
mussels
69.7%
popsicle
69.2%
beef chow mein
67.9%
rice
66.4%
caviar
61.2%
hamburgers
60.3%
spaghetti
58.9%
hot dogs
56%
% Correct
cake
51.3%
chili dogs
50.3%
sponge cake
48.4%
butterscotch
47.9%
peaches
47.7%
turkey
45.8%
green apples
44.2%
pumpkin pie
43.9%
apple pie
43%
sushi
40.5%
salisbury steak
37.6%
cornflake
36%
rice krispies
34.8%
deep fried chicken
32.4%
Mrs. Wagner pies
26.1%
kippers
24.8%
oranges
19.3%

You're not logged in!

Compare scores with friends on all Sporcle quizzes.
Sign Up with Email
OR
Log In

You Might Also Like...

Show Comments

Extras

Top Quizzes Today


Score Distribution

Your Account Isn't Verified!

In order to create a playlist on Sporcle, you need to verify the email address you used during registration. Go to your Sporcle Settings to finish the process.